[Event "Dubai op-B 23rd"]
[Site "Dubai"]
[Date "2023.06.04"]
[Round "9"]
[White "Tamer Wageih, Fareed"]
[Black "Ahmed, Fareed"]
[Result "1-0"]
[WhiteElo "1866"]
[BlackElo "2044"]
[PlyCount "93"]
[EventDate "2023.05.27"]
[EventType "swiss"]
[EventRounds "9"]
[EventCountry "UAE"]
[SourceTitle "CBM 214 Extra"]
[Source "ChessBase"]
[SourceDate "2023.07.31"]
[SourceVersion "1"]
[SourceVersionDate "2023.07.31"]
[SourceQuality "1"]

1. e4 e6 2. Nf3 d5 3. e5 c5 4. c3 Nc6 5. Na3 Nh6 6. d4 cxd4 7. cxd4 Bxa3 8. bxa3 Nf5 9. Bb2 Bd7 10. Bd3 Na5 11. Qe2 Rc8 12. Rc1 Rxc1+ 13. Bxc1 Qb6 14. 0-0 Nxd4 15. Nxd4 Qxd4 16. Rd1 Nc4 17. Bxc4 Qxc4 18. Qxc4 dxc4 19. Be3 b6 20. Rd4 Bb5 21. a4 Ba6 22. Bd2 0-0 23. Rd7 h6 24. Bc3 Ra8 25. Kf1 g5 26. Ke1 b5 27. Rd6 Bb7 28. axb5 Bxg2 29. a4 Kg7 30. Rd7 Kg6 31. Kd2 a6 32. b6 a5 33. Bd4 h5 34. Rc7 Bd5 35. Kc3 g4 36. Rxc4 Bxc4 37. Kxc4 Kf5 38. Kb5 Ke4 39. Bc5 Kxe5 40. b7 Rb8 41. Kc6 Ke4 42. Kc7 Re8 43. b8Q Rxb8 44. Kxb8 Kf3 45. Bb6 Kg2 46. Bxa5 Kxh2 47. Bc7+ 1-0

[Event "Dubai op-B 23rd"]
[Site "Dubai"]
[Date "2023.05.30"]
[Round "4"]
[White "Ahmed, Fareed"]
[Black "Ashvath, Mittal"]
[Result "1/2-1/2"]
[WhiteElo "2044"]
[BlackElo "1681"]
[PlyCount "87"]
[EventDate "2023.05.27"]
[EventType "swiss"]
[EventRounds "9"]
[EventCountry "UAE"]
[SourceTitle "CBM 214 Extra"]
[Source "ChessBase"]
[SourceDate "2023.07.31"]
[SourceVersion "1"]
[SourceVersionDate "2023.07.31"]
[SourceQuality "1"]

1. e4 c5 2. Nf3 d6 3. Nc3 Nf6 4. d4 cxd4 5. Nxd4 a6 6. Bg5 e6 7. f4 Be7 8. Qf3 Qc7 9. 0-0-0 Nbd7 10. g4 b5 11. Bxf6 Nxf6 12. g5 Nd7 13. f5 Bxg5+ 14. Kb1 Ne5 15. Qh5 Bf6 16. fxe6 g6 17. exf7+ Qxf7 18. Qh6 Bg7 19. Qh4 0-0 20. Be2 Bb7 21. Rhf1 Qd7 22. Nd5 Rxf1 23. Rxf1 Rf8 24. Rxf8+ Kxf8 25. Qxh7 Qf7 26. Qh4 Ke8 27. Ne3 Nd7 28. Nef5 Bf8 29. Ne3 Qf6 30. Qxf6 Nxf6 31. Bd3 Bxe4 32. Bxe4 Nxe4 33. Ne6 Nc5 34. Nxf8 Kxf8 35. c4 bxc4 36. Kc2 Ke7 37. Nxc4 Ke6 38. b4 Ne4 39. Kd3 Ng5 40. Ne3 Nf3 41. Nf1 Kd5 42. a4 Ne5+ 43. Kc3 Nf3 44. Kd3 1/2-1/2

[Event "Abu Dhabi President Cup"]
[Site "Abu Dhabi"]
[Date "2022.12.23"]
[Round "9"]
[White "Al Hosani, Omran"]
[Black "Ahmed, Fareed"]
[Result "1-0"]
[WhiteElo "2274"]
[BlackElo "2064"]
[PlyCount "91"]
[EventDate "2022.12.16"]
[EventType "swiss"]
[EventRounds "9"]
[EventCountry "UAE"]
[SourceTitle "CBM 212 Extra"]
[Source "ChessBase"]
[SourceDate "2023.03.31"]
[SourceVersion "1"]
[SourceVersionDate "2023.03.31"]
[SourceQuality "1"]

1. Nf3 e6 2. d4 Nf6 3. g3 b6 4. Bg2 Bb7 5. 0-0 Be7 6. c4 0-0 7. Nc3 Ne4 8. Qc2 Nxc3 9. Qxc3 f5 10. Rd1 Bf6 11. b4 c5 12. bxc5 bxc5 13. Ba3 Na6 14. Rac1 Rc8 15. Qb3 Be4 16. Qa4 Qb6 17. Ne5 Bxg2 18. Kxg2 Qb7+ 19. Kg1 d6 20. Rb1 Nb4 21. Nd7 Rfd8 22. dxc5 Qxd7 23. Qxd7 Rxd7 24. Bxb4 d5 25. cxd5 exd5 26. Rbc1 Rc6 27. Kg2 Kf7 28. Rd3 Ke6 29. Rcd1 g6 30. Kf3 Rc8 31. g4 fxg4+ 32. Kxg4 h5+ 33. Kf3 Be5 34. h3 Rf7+ 35. Kg2 Rf4 36. a3 Rcf8 37. f3 R8f5 38. Rxd5 Rg5+ 39. Kf2 Rh4 40. e4 Rxh3 41. Rxe5+ Rxe5 42. Kg2 Rh4 43. Kg3 g5 44. c6 Rhxe4 45. fxe4 Rxe4 46. Rc1 1-0

[Event "Abu Dhabi President Cup"]
[Site "Abu Dhabi"]
[Date "2022.12.22"]
[Round "8"]
[White "Ahmad, Al Romaithi"]
[Black "Ahmed, Fareed"]
[Result "1/2-1/2"]
[WhiteElo "1867"]
[BlackElo "2064"]
[PlyCount "119"]
[EventDate "2022.12.16"]
[EventType "swiss"]
[EventRounds "9"]
[EventCountry "UAE"]
[SourceTitle "CBM 212 Extra"]
[Source "ChessBase"]
[SourceDate "2023.03.31"]
[SourceVersion "1"]
[SourceVersionDate "2023.03.31"]
[SourceQuality "1"]

1. d4 e6 2. c4 f5 3. Nc3 Nf6 4. Bg5 Bb4 5. Qc2 0-0 6. Nf3 b6 7. a3 Bxc3+ 8. Qxc3 Bb7 9. e3 d6 10. Bd3 Nbd7 11. d5 Nc5 12. dxe6 Nxd3+ 13. Qxd3 Be4 14. Qd2 Qe8 15. Nd4 Bxg2 16. Rg1 Ne4 17. Qc2 Nxg5 18. Rxg2 Nxe6 19. Nxf5 Qh5 20. Ng3 Qh3 21. Qe4 Nf4 22. Rg1 Rae8 23. Qd4 c5 24. Qd2 Ng2+ 25. Kd1 Qg4+ 26. Qe2 Qxe2+ 27. Kxe2 Nf4+ 28. Kd2 Nh3 29. Rgf1 Rxf2+ 30. Rxf2 Nxf2 31. Ke2 Ng4 32. Nf5 g6 33. Nxd6 Rxe3+ 34. Kd2 Re7 35. h3 Ne5 36. Kc3 Rd7 37. Re1 Rxd6 38. Rxe5 Kf7 39. b4 Re6 40. Rd5 Re3+ 41. Kb2 Rxh3 42. Rd7+ Ke6 43. Rxa7 Ke5 44. bxc5 bxc5 45. Rd7 Ke6 46. Rd5 Rh5 47. Rd8 g5 48. a4 Rh2+ 49. Kb3 Rh3+ 50. Kb2 Rh4 51. Rd5 g4 52. a5 Rh6 53. Rxc5 g3 54. Rg5 Rg6 55. Rxg6+ hxg6 56. a6 g2 57. a7 g1Q 58. a8Q Qd4+ 59. Kb3 g5 60. Qf8 1/2-1/2

[Event "Abu Dhabi President Cup"]
[Site "Abu Dhabi"]
[Date "2022.12.18"]
[Round "4"]
[White "Abdulrahman Mohammad, Al Taher"]
[Black "Ahmed, Fareed"]
[Result "1/2-1/2"]
[WhiteElo "2143"]
[BlackElo "2064"]
[PlyCount "106"]
[EventDate "2022.12.16"]
[EventType "swiss"]
[EventRounds "9"]
[EventCountry "UAE"]
[SourceTitle "CBM 212 Extra"]
[Source "ChessBase"]
[SourceDate "2023.03.31"]
[SourceVersion "1"]
[SourceVersionDate "2023.03.31"]
[SourceQuality "1"]

1. d4 Nf6 2. c4 e6 3. Nc3 Bb4 4. e3 b6 5. Bd3 Bb7 6. Nf3 0-0 7. 0-0 c5 8. Na4 cxd4 9. exd4 Bxf3 10. Qxf3 Nc6 11. Be3 d5 12. Rac1 e5 13. dxe5 Nxe5 14. Qf5 Nxd3 15. Qxd3 Qd7 16. Nc3 dxc4 17. Qxc4 Be7 18. Rfd1 Qb7 19. Nd5 Nxd5 20. Qxd5 Qxd5 21. Rxd5 Rfd8 22. Rxd8+ Rxd8 23. Kf1 Bd6 24. Ke2 Kf8 25. h3 Be5 26. b3 Ke7 27. g4 Rd7 28. f4 Bd6 29. a4 Rc7 30. Rxc7+ Bxc7 31. Kd3 Kd7 32. b4 g6 33. Ke4 a6 34. b5 axb5 35. axb5 Ke7 36. f5 Bd8 37. Bd4 h5 38. gxh5 gxh5 39. Bf2 Kd7 40. Ke5 Kc7 41. f6 Kd7 42. Bd4 Kc7 43. Kd5 Kd7 44. Be5 Bc7 45. Bxc7 Kxc7 46. Ke5 Kd7 47. Kf5 Kd6 48. Kg5 Ke6 49. Kxh5 Kxf6 50. Kg4 Kg6 51. Kf4 Kh5 52. Kg3 Kh6 53. Kg4 f5+ 1/2-1/2

[Event "UAE National Day 51st"]
[Site "Sharjah"]
[Date "2022.12.04"]
[Round "7"]
[White "Ahmed, Fareed"]
[Black "Amonatov, Farrukh"]
[Result "0-1"]
[WhiteElo "2064"]
[BlackElo "2598"]
[PlyCount "56"]
[EventDate "2022.12.03"]
[EventType "swiss (rapid)"]
[EventRounds "10"]
[EventCountry "UAE"]
[SourceTitle "CBM 211 Extra"]
[Source "ChessBase"]
[SourceDate "2023.01.31"]
[SourceVersion "1"]
[SourceVersionDate "2023.01.31"]
[SourceQuality "1"]

1. e4 c5 2. Nf3 d6 3. Nc3 a6 4. d4 cxd4 5. Nxd4 Nf6 6. Bg5 e6 7. f4 Be7 8. Qf3 h6 9. Bxf6 Bxf6 10. 0-0-0 Qc7 11. f5 Nc6 12. fxe6 Nxd4 13. Rxd4 Bxe6 14. Nd5 Bxd5 15. Rxd5 0-0 16. Qb3 b5 17. Rf5 Be5 18. Bd3 g6 19. Rf3 Kg7 20. g3 Rac8 21. Rhf1 Qe7 22. Kb1 f6 23. a4 bxa4 24. Qxa4 Rb8 25. b3 Rfc8 26. Bc4 Rc5 27. Bxa6 Qc7 28. b4 Ra5 0-1

[Event "UAE National Day 51st"]
[Site "Sharjah"]
[Date "2022.12.04"]
[Round "10"]
[White "Ahmed, Fareed"]
[Black "Othman, A Moussa"]
[Result "1/2-1/2"]
[WhiteElo "2064"]
[BlackElo "2226"]
[PlyCount "79"]
[EventDate "2022.12.03"]
[EventType "swiss (rapid)"]
[EventRounds "10"]
[EventCountry "UAE"]
[SourceTitle "CBM 211 Extra"]
[Source "ChessBase"]
[SourceDate "2023.01.31"]
[SourceVersion "1"]
[SourceVersionDate "2023.01.31"]
[SourceQuality "1"]

1. e4 d6 2. d4 g6 3. Nf3 Bg7 4. c3 Nf6 5. Bd3 Nc6 6. 0-0 0-0 7. Nbd2 e5 8. d5 Ne7 9. Ne1 c6 10. c4 c5 11. a3 a5 12. Rb1 Nd7 13. b4 axb4 14. axb4 b6 15. bxc5 bxc5 16. g3 f5 17. Ng2 Nf6 18. f4 exf4 19. Nxf4 Ng4 20. Nf3 Ne5 21. Ng5 fxe4 22. Nge6 Bxe6 23. Nxe6 Rxf1+ 24. Qxf1 Qd7 25. Bxe4 Bh8 26. Bg5 Nf7 27. Bf6 Nf5 28. Bxh8 Kxh8 29. Bxf5 gxf5 30. Qxf5 Ne5 31. Qf6+ Kg8 32. Rf1 Qf7 33. Qg5+ Qg6 34. Qe7 Qh6 35. Ng5 Qg6 36. Ne6 Qh6 37. Ng5 Qg6 38. Ne6 Qh6 39. Ng5 Qg6 40. h4 1/2-1/2

[Event "Dubai op 22nd"]
[Site "Dubai"]
[Date "2022.09.04"]
[Round "9"]
[White "Ahmed, Fareed"]
[Black "Al Hosani, Omran"]
[Result "0-1"]
[WhiteElo "1920"]
[BlackElo "2293"]
[PlyCount "52"]
[EventDate "2022.08.27"]
[EventType "swiss"]
[EventRounds "9"]
[EventCountry "UAE"]
[SourceTitle "CBM 210 Extra"]
[Source "ChessBase"]
[SourceDate "2022.11.30"]
[SourceVersion "1"]
[SourceVersionDate "2022.11.30"]
[SourceQuality "1"]

1. e4 c5 2. Nf3 d6 3. Nc3 Nf6 4. d4 cxd4 5. Nxd4 a6 6. Bc4 e6 7. 0-0 Be7 8. Qf3 0-0 9. Qg3 Kh8 10. Bb3 b5 11. f3 b4 12. Nce2 e5 13. Nf5 Bxf5 14. exf5 Qc8 15. Qh3 a5 16. c3 a4 17. Bc2 d5 18. g4 bxc3 19. bxc3 Qc4 20. Re1 Bc5+ 21. Kh1 Bf2 22. g5 Bxe1 23. gxf6 gxf6 24. Bh6 Qxe2 25. Bxf8 Nd7 26. Bd1 Qf2 0-1

[Event "Sharjah Rapid op 27th"]
[Site "Sharjah"]
[Date "2022.04.07"]
[Round "6"]
[White "Ahmed, Fareed"]
[Black "Miladinovic, Igor"]
[Result "0-1"]
[WhiteElo "1932"]
[BlackElo "2509"]
[PlyCount "78"]
[EventDate "2022.04.06"]
[EventType "swiss (rapid)"]
[EventRounds "9"]
[EventCountry "UAE"]
[SourceTitle "CBM 207 Extra"]
[Source "ChessBase"]
[SourceDate "2022.05.31"]
[SourceVersion "1"]
[SourceVersionDate "2022.05.31"]
[SourceQuality "1"]

1. e4 c5 2. Nf3 Nc6 3. d4 cxd4 4. Nxd4 Qc7 5. Nc3 e6 6. g3 a6 7. Bg2 Bc5 8. Nb3 Ba7 9. 0-0 Nf6 10. Re1 Ne5 11. Bf4 d6 12. a4 Bd7 13. h3 h6 14. a5 Rc8 15. Qe2 Qc4 16. Nd2 Qxe2 17. Rxe2 Bd4 18. Ra3 Ke7 19. Be3 Bxe3 20. Rxe3 g5 21. Kh2 h5 22. Rb3 Rc7 23. Kg1 Bc6 24. Nf1 Nfd7 25. Re1 g4 26. Rb4 gxh3 27. Bh1 h4 28. Ne3 h2+ 29. Kf1 hxg3 30. fxg3 Rcc8 31. Ke2 Rcg8 32. Nf1 Nf6 33. Rd1 Nh5 34. Kf2 Rh6 35. Ne2 Rf6+ 36. Ke3 Ng4+ 37. Kd2 Nf2 38. Ne3 Nxd1 39. Nxd1 Rf1 0-1

[Event "Chigorin Memorial 28th"]
[Site "St Petersburg"]
[Date "2021.10.31"]
[Round "9"]
[White "Lezina, Anna"]
[Black "Ahmed, Fareed"]
[Result "0-1"]
[WhiteElo "1637"]
[BlackElo "1932"]
[PlyCount "146"]
[EventDate "2021.10.23"]
[EventType "swiss"]
[EventRounds "9"]
[EventCountry "RUS"]
[SourceTitle "EXT 2023"]
[Source "ChessBase"]
[SourceDate "2022.10.05"]
[SourceVersion "1"]
[SourceVersionDate "2022.10.05"]
[SourceQuality "1"]

1. e4 e6 2. d4 d5 3. Nd2 Nf6 4. e5 Nfd7 5. Bd3 c5 6. c3 Nc6 7. Ne2 cxd4 8. cxd4 f6 9. exf6 Nxf6 10. Nf3 Bd6 11. 0-0 Qc7 12. Bg5 0-0 13. Qc2 h6 14. Bh4 Nh5 15. Bg6 Rxf3 16. gxf3 Bxh2+ 17. Kg2 Nf4+ 18. Nxf4 Qxf4 19. Bg3 Bxg3 20. fxg3 Qxd4 21. Rad1 Qf6 22. Rf2 e5 23. Bd3 Be6 24. Qc5 Rf8 25. Rdf1 b6 26. Qc1 Nd4 27. Qe3 Bf5 28. Ba6 Qe6 29. g4 Bg6 30. Bd3 Bxd3 31. Qxd3 Qd6 32. Re1 Ne6 33. Qe3 Nf4+ 34. Kh1 d4 35. Qe4 d3 36. Rd2 Re8 37. Qxf4 exf4 38. Rxe8+ Kh7 39. Re1 Qd5 40. Kg2 Qxa2 41. Rc1 Qd5 42. Rc3 Qg5 43. Rcxd3 Qh4 44. Re2 Qg3+ 45. Kf1 a5 46. b3 Qh3+ 47. Ke1 Qh1+ 48. Kd2 Qb1 49. Re4 Qb2+ 50. Kd1 Qf2 51. Re2 Qg1+ 52. Kd2 Kg6 53. Rd5 Qb1 54. Re6+ Kh7 55. Rxb6 Qg1 56. Rbb5 Qf2+ 57. Kc1 Qxf3 58. g5 h5 59. Rxa5 Qc3+ 60. Kd1 Qxb3+ 61. Ke2 Qe3+ 62. Kf1 Qf3+ 63. Kg1 Qg3+ 64. Kf1 f3 65. g6+ Qxg6 66. Rxh5+ Kg8 67. Rhg5 Qd3+ 68. Kg1 Qe3+ 69. Kh2 Qf2+ 70. Kh1 Qe1+ 71. Kh2 f2 72. Ra8+ Kh7 73. Ra7 f1N+ 0-1

[Event "Chigorin Memorial 28th"]
[Site "St Petersburg"]
[Date "2021.10.29"]
[Round "7"]
[White "Ivanjko, Denis"]
[Black "Ahmed, Fareed"]
[Result "0-1"]
[WhiteElo "1000"]
[BlackElo "1932"]
[PlyCount "108"]
[EventDate "2021.10.23"]
[EventType "swiss"]
[EventRounds "9"]
[EventCountry "RUS"]
[SourceTitle "EXT 2023"]
[Source "ChessBase"]
[SourceDate "2022.10.05"]
[SourceVersion "1"]
[SourceVersionDate "2022.10.05"]
[SourceQuality "1"]

1. d4 Nf6 2. Bf4 g6 3. Nc3 Bg7 4. Qd2 d5 5. 0-0-0 h6 6. h4 c6 7. f3 Qa5 8. Kb1 Na6 9. e4 dxe4 10. Nxe4 Qxd2 11. Rxd2 Nxe4 12. fxe4 e5 13. dxe5 Nc5 14. Bd3 Bg4 15. Nf3 0-0-0 16. b4 Nd7 17. Bc4 Bxf3 18. gxf3 g5 19. hxg5 hxg5 20. Rxh8 Rxh8 21. Rg2 Rh1+ 22. Kb2 Bxe5+ 23. Bxe5 Nxe5 24. Be2 f6 25. Rf2 Ng6 26. a4 b6 27. b5 Kc7 28. Bc4 Ne5 29. Be2 Rh4 30. Kc3 Kd6 31. Kd4 Ng6 32. c3 Rf4 33. Rh2 Nh4 34. Rh3 c5+ 35. Ke3 Ke5 36. Bd3 f5 37. c4 Nxf3 38. exf5 Nh4 39. Ke2 Nxf5 40. Rh7 Nd6 41. Rxa7 g4 42. a5 bxa5 43. b6 Rf8 44. Rxa5 Kd4 45. Ra1 Re8+ 46. Kd2 Re3 47. Bf1 Rb3 48. Ke1 Ke3 49. Be2 g3 50. Kf1 g2+ 51. Kxg2 Kxe2 52. Ra5 Nb7 53. Rb5 Rxb5 54. cxb5 c4 0-1

[Event "Chigorin Memorial 28th"]
[Site "St Petersburg"]
[Date "2021.10.25"]
[Round "3"]
[White "Ahmed, Fareed"]
[Black "Gitelson, Arkady"]
[Result "0-1"]
[WhiteElo "1932"]
[BlackElo "2188"]
[PlyCount "66"]
[EventDate "2021.10.23"]
[EventType "swiss"]
[EventRounds "9"]
[EventCountry "RUS"]
[SourceTitle "EXT 2023"]
[Source "ChessBase"]
[SourceDate "2022.10.05"]
[SourceVersion "1"]
[SourceVersionDate "2022.10.05"]
[SourceQuality "1"]

1. e4 e5 2. Nf3 Nc6 3. Bb5 Nge7 4. Nc3 Ng6 5. d3 a6 6. Ba4 b5 7. Bb3 Na5 8. d4 exd4 9. Qxd4 Bb7 10. Bd5 c6 11. 0-0 b4 12. Na4 cxd5 13. exd5 Be7 14. Nb6 0-0 15. Nxa8 Qxa8 16. Rd1 Rc8 17. Be3 Nc4 18. Bg5 Bc5 19. Qg4 Bxd5 20. Qxd7 Be6 21. Qxc8+ Bxc8 22. Rd8+ Nf8 23. Re1 Bb6 24. Rde8 Nd6 25. Rxf8+ Kxf8 26. Be7+ Kg8 27. Bxd6 Be6 28. Bxb4 h6 29. Ne5 Qd5 30. c4 Qd4 31. Re2 Qd1+ 32. Re1 Qc2 33. c5 Bxc5 0-1

[Event "Chigorin Memorial 28th"]
[Site "St Petersburg"]
[Date "2021.10.24"]
[Round "2"]
[White "Shchukin, Maksim"]
[Black "Ahmed, Fareed"]
[Result "1-0"]
[WhiteElo "2199"]
[BlackElo "1932"]
[PlyCount "117"]
[EventDate "2021.10.23"]
[EventType "swiss"]
[EventRounds "9"]
[EventCountry "RUS"]
[SourceTitle "EXT 2023"]
[Source "ChessBase"]
[SourceDate "2022.10.05"]
[SourceVersion "1"]
[SourceVersionDate "2022.10.05"]
[SourceQuality "1"]

1. Nf3 Nf6 2. c4 e6 3. Nc3 d5 4. e3 Be7 5. Be2 c5 6. cxd5 exd5 7. d4 Nc6 8. 0-0 Be6 9. b3 0-0 10. Bb2 Rc8 11. Rc1 Ne4 12. dxc5 Nxc5 13. Nb5 Qa5 14. a3 Qb6 15. b4 Ne4 16. Nbd4 Bf6 17. Nxc6 bxc6 18. Bxf6 Nxf6 19. Qd4 Ne4 20. Rfd1 c5 21. bxc5 Rxc5 22. Rxc5 Qxc5 23. Qxc5 Nxc5 24. Rb1 Na4 25. Rb7 a5 26. Ra7 Nc3 27. Bd3 a4 28. Rc7 Ne4 29. Bxe4 dxe4 30. Nd4 Rb8 31. h4 Bd5 32. Rc5 Rd8 33. Ra5 Bb3 34. Rb5 Bd5 35. Kh2 h6 36. Kg3 Rd6 37. Nf5 Rg6+ 38. Kf4 Rxg2 39. Rxd5 Rxf2+ 40. Kxe4 Ra2 41. Rd3 g6 42. Ng3 Rh2 43. h5 gxh5 44. Kf3 Ra2 45. Nxh5 Kh7 46. Nf4 f5 47. Rd7+ Kg8 48. Rd5 Rxa3 49. Rxf5 Ra1 50. Ra5 a3 51. Ne2 h5 52. Nd4 h4 53. Nc2 Ra2 54. Nxa3 h3 55. Nc4 Rc2 56. Ne5 Kg7 57. Ng4 Kg6 58. Nf2 h2 59. Ra1 1-0

[Event "Biel ATO op 54th"]
[Site "Biel"]
[Date "2021.07.31"]
[Round "4"]
[White "Ahmed, Fareed"]
[Black "Almaini, Aishah Sarhan"]
[Result "1-0"]
[WhiteElo "1907"]
[BlackElo "1607"]
[PlyCount "90"]
[EventDate "2021.07.26"]
[EventType "swiss"]
[EventRounds "9"]
[EventCountry "SUI"]
[SourceTitle "EXT 2022"]
[Source "ChessBase"]
[SourceDate "2021.10.06"]
[SourceVersion "1"]
[SourceVersionDate "2021.10.06"]
[SourceQuality "1"]

1. e4 g6 2. d4 Bg7 3. Nf3 d6 4. h3 a6 5. Bd3 Nd7 6. 0-0 Ngf6 7. e5 Nd5 8. Bc4 N7b6 9. Bb3 dxe5 10. dxe5 0-0 11. Qe2 e6 12. Bg5 f6 13. exf6 Bxf6 14. Bxf6 Qxf6 15. Qe5 Qxe5 16. Nxe5 Nd7 17. Re1 Nc5 18. Nd2 b5 19. Ndf3 Bb7 20. Nd4 Rae8 21. g3 Kg7 22. Rad1 Re7 23. Nxe6+ Nxe6 24. Bxd5 Bxd5 25. Rxd5 Rd8 26. Rxd8 Nxd8 27. f4 Nf7 28. Kf2 Nd6 29. Rd1 Ne4+ 30. Kf3 Nd6 31. Rd5 Re8 32. Rc5 Re7 33. b4 Nb7 34. Rc6 a5 35. bxa5 Nxa5 36. Ra6 Nb7 37. Ra7 Nd6 38. Nc6 Rf7 39. Nd4 c5 40. Ne6+ Kf6 41. Rxf7+ Kxf7 42. Nxc5 Ke7 43. g4 Kf6 44. h4 h5 45. gxh5 gxh5 1-0

[Event "Asia Nations online Cup"]
[Site "Chess.com INT"]
[Date "2020.10.10"]
[Round "3.15"]
[White "Ahmed, Fareed"]
[Black "Wais, Ahmad"]
[Result "0-1"]
[WhiteElo "1907"]
[BlackElo "1770"]
[PlyCount "70"]
[EventDate "2020.10.10"]
[EventType "team-swiss (rapid)"]
[EventRounds "9"]
[EventCountry "IND"]
[SourceTitle "CBM 198 Extra"]
[Source "ChessBase"]
[SourceDate "2020.11.30"]
[SourceVersion "1"]
[SourceVersionDate "2020.11.30"]
[SourceQuality "1"]
[WhiteTeam "United Arab Emirates"]
[BlackTeam "Afghanistan"]
[WhiteTeamCountry "UAE"]
[BlackTeamCountry "AFG"]

1. e4 d6 2. d4 Nf6 3. Nc3 g6 4. Bg5 Bg7 5. Qd2 0-0 6. 0-0-0 Nc6 7. h4 h5 8. Bc4 a6 9. f3 b5 10. Bb3 Nh7 11. Bh6 Nxd4 12. Bd5 c6 13. Bxg7 Kxg7 14. Qxd4+ e5 15. Qd2 cxd5 16. Nxd5 Be6 17. Ne2 Rc8 18. Kb1 Rc5 19. Ne3 Rc6 20. g4 hxg4 21. fxg4 Nf6 22. Nf5+ gxf5 23. gxf5 Nxe4 24. Qe3 Bxf5 25. Ka1 Qf6 26. Rdf1 Rxc2 27. Rhg1+ Kh7 28. Qf3 Bg6 29. Qe3 Qe6 30. h5 Bf5 31. h6 Bg6 32. Rg2 Rfc8 33. Rfg1 Qc4 34. a3 b4 35. axb4 Qxb4 0-1

[Event "Asia Nations online Cup"]
[Site "Chess.com INT"]
[Date "2020.10.10"]
[Round "2.12"]
[White "Sikivou, Taione"]
[Black "Ahmed, Fareed"]
[Result "1-0"]
[WhiteElo "1830"]
[BlackElo "1907"]
[PlyCount "131"]
[EventDate "2020.10.10"]
[EventType "team-swiss (rapid)"]
[EventRounds "9"]
[EventCountry "IND"]
[SourceTitle "CBM 198 Extra"]
[Source "ChessBase"]
[SourceDate "2020.11.30"]
[SourceVersion "1"]
[SourceVersionDate "2020.11.30"]
[SourceQuality "1"]
[WhiteTeam "Fiji"]
[BlackTeam "United Arab Emirates"]
[WhiteTeamCountry "FIJ"]
[BlackTeamCountry "UAE"]

1. e4 e5 2. Nf3 Nc6 3. Bc4 Nf6 4. d3 Be7 5. 0-0 d6 6. h3 0-0 7. Nc3 Na5 8. Bb3 Re8 9. Nh2 Nxb3 10. axb3 d5 11. exd5 Nxd5 12. f4 Nxf4 13. Bxf4 exf4 14. Rxf4 Bd6 15. Rf1 Qh4 16. Qf3 Be6 17. Ra4 Qe7 18. Qxb7 Bd7 19. Re4 Qg5 20. Rxe8+ Rxe8 21. Qf3 f6 22. Ne4 Bxh2+ 23. Kxh2 Qe5+ 24. Qg3 f5 25. Qxe5 Rxe5 26. Nc3 Bc8 27. Kg1 c5 28. Kf2 Bb7 29. Ra1 a6 30. Ra5 f4 31. b4 f3 32. gxf3 Rh5 33. Rxc5 Rxh3 34. Ne4 h5 35. Kg2 Rh4 36. Rg5 Kh7 37. b5 Kh6 38. Re5 axb5 39. Rxb5 Bc8 40. Rc5 Bd7 41. b4 Rf4 42. Kg3 g5 43. Nxg5 Rxb4 44. Ne4 Rb1 45. Nf6 Ba4 46. Nxh5 Bxc2 47. Rxc2 Kxh5 48. Rd2 Rb6 49. Kf4 Kg6 50. d4 Kf6 51. Ke4 Re6+ 52. Kd5 Re3 53. Rf2 Rc3 54. f4 Kf5 55. Kd6 Rd3 56. d5 Ke4 57. f5 Rxd5+ 58. Ke6 Re5+ 59. Kf6 Ra5 60. Kg6 Ra1 61. f6 Rg1+ 62. Kh5 Rh1+ 63. Kg4 Rh8 64. f7 Rf8 65. Kg5 Ke5 66. Kg6 1-0

[Event "UAE-ch"]
[Site "Sharjah"]
[Date "2019.08.21"]
[Round "6"]
[White "Al Huwar, Jasem"]
[Black "Ahmed, Fareed"]
[Result "1-0"]
[WhiteElo "2285"]
[BlackElo "1975"]
[PlyCount "49"]
[EventDate "2019.08.16"]
[EventType "swiss"]
[EventRounds "9"]
[EventCountry "UAE"]
[SourceTitle "EXT 2020"]
[Source "ChessBase"]
[SourceDate "2019.10.17"]
[SourceVersion "1"]
[SourceVersionDate "2019.10.17"]
[SourceQuality "1"]

1. Nf3 c5 2. c4 g6 3. d4 cxd4 4. Nxd4 Bg7 5. Nc3 Nf6 6. e3 0-0 7. Be2 Nc6 8. 0-0 b6 9. Qc2 Nxd4 10. exd4 d5 11. Bf3 Bf5 12. Qa4 Bd3 13. Rd1 dxc4 14. Bxa8 Qxa8 15. Be3 Ng4 16. Qd7 e6 17. Qc7 Rc8 18. Qg3 Nxe3 19. fxe3 Qc6 20. Qf3 Qd7 21. a4 a6 22. Rac1 b5 23. axb5 axb5 24. Ne4 Qe7 25. Rxd3 1-0

[Event "UAE-ch"]
[Site "Sharjah"]
[Date "2019.08.20"]
[Round "5"]
[White "Ahmed, Fareed"]
[Black "Hamad, Bader"]
[Result "1-0"]
[WhiteElo "1975"]
[BlackElo "1581"]
[PlyCount "93"]
[EventDate "2019.08.16"]
[EventType "swiss"]
[EventRounds "9"]
[EventCountry "UAE"]
[SourceTitle "EXT 2020"]
[Source "ChessBase"]
[SourceDate "2019.10.17"]
[SourceVersion "1"]
[SourceVersionDate "2019.10.17"]
[SourceQuality "1"]

1. e4 Nf6 2. Nc3 e5 3. Nf3 Bb4 4. Nxe5 0-0 5. Nd3 Bxc3 6. dxc3 Nxe4 7. Be3 d6 8. Qf3 Re8 9. 0-0-0 Nc6 10. Nf4 Nf6 11. h3 Ne5 12. Qe2 b6 13. g4 a5 14. Bg2 Ba6 15. Nd3 Ra7 16. g5 Nfd7 17. Qh5 Ng6 18. Rhe1 Nde5 19. f4 Nc4 20. Bf2 Rxe1 21. Rxe1 c5 22. f5 Nge5 23. Nf4 Bb7 24. Nd5 b5 25. Rd1 Nb6 26. Bxc5 Nxd5 27. Bxd5 Bxd5 28. Rxd5 Rd7 29. Bf2 b4 30. cxb4 axb4 31. Kb1 Qa8 32. Qd1 Qc6 33. f6 Ng6 34. Bc5 Nf4 35. Rxd6 Rxd6 36. Bxd6 Nd5 37. Bxb4 gxf6 38. gxf6 Qxf6 39. Qg1+ Kh8 40. Bc5 Qe6 41. Bd4+ f6 42. b3 Qxh3 43. a4 Qf3 44. a5 Nb4 45. Qe1 Nc6 46. Bb2 h5 47. b4 1-0

[Event "UAE-ch"]
[Site "Sharjah"]
[Date "2019.08.17"]
[Round "2"]
[White "Hamad, Essam"]
[Black "Ahmed, Fareed"]
[Result "1/2-1/2"]
[WhiteElo "1906"]
[BlackElo "1975"]
[PlyCount "105"]
[EventDate "2019.08.16"]
[EventType "swiss"]
[EventRounds "9"]
[EventCountry "UAE"]
[SourceTitle "EXT 2020"]
[Source "ChessBase"]
[SourceDate "2019.10.17"]
[SourceVersion "1"]
[SourceVersionDate "2019.10.17"]
[SourceQuality "1"]

1. e4 e5 2. Nf3 Nc6 3. Bb5 a6 4. Ba4 Nf6 5. Qe2 d6 6. c3 Bd7 7. 0-0 Be7 8. d4 0-0 9. Rd1 Nxd4 10. cxd4 Bxa4 11. b3 Bb5 12. Qc2 exd4 13. Nxd4 Bd7 14. Nc3 Re8 15. Bb2 Bf8 16. Rac1 c6 17. Nde2 Qe7 18. Ng3 Rad8 19. Ba3 Bg4 20. f3 Bc8 21. Rd3 Qc7 22. Rcd1 Qa5 23. Qc1 Be6 24. Kh1 d5 25. Bxf8 Kxf8 26. Qd2 Qc7 27. Nge2 Rc8 28. exd5 Bxd5 29. Nf4 Be6 30. h3 Qe5 31. Nxe6+ Rxe6 32. f4 Qc7 33. g4 Rce8 34. g5 Nh5 35. f5 Ng3+ 36. Rxg3 Qxg3 37. fxe6 Qxh3+ 38. Qh2 Qxh2+ 39. Kxh2 Rxe6 40. Rd8+ Ke7 41. Rb8 b5 42. Rb7+ Ke8 43. Rb8+ Ke7 44. Rb7+ Kd6 45. Rxf7 Kc5 46. Rxg7 Kb4 47. Nd1 Ka3 48. Rxh7 Rg6 49. Rh6 Rxg5 50. Rxc6 Kxa2 51. b4 Kb3 52. Rxa6 Kxb4 53. Rb6 1/2-1/2